| 000 | 03328nam a2200553Ia 4500 | ||
|---|---|---|---|
| 001 | 2754 | ||
| 008 | 241029s9999 xx 000 0 und d | ||
| 010 | _a2586 | ||
| 041 | _aEspañol | ||
| 082 | _aM.G.C. 012 | ||
| 245 | 0 | _aFactores que inciden en la gestión de calidad de los centros educativos del Nivel Medio del Distrito Educativo 01, San José de las Matas, Regional 08, Santiago, Períodos 2006-2008 | |
| 260 | _aSantiago | ||
| 300 | _a127 | ||
| 520 | _a27 | ||
| 630 | _aCalidad | ||
| 630 | _aCentros Educativos | ||
| 630 | _aGestión | ||
| 650 | _aGestión Educativa | ||
| 690 | _aSintetizado | ||
| 700 |
_easesor _aPaulino, Laura |
||
| 700 |
_eautor _aRodríguez Torres, Margot |
||
| 700 |
_eautor _a Hilario Rodríguez, Lépido |
||
| 901 |
_a{"1":"Rodríguez Torres","2":" Hilario Rodríguez"} _b{"1":"Margot ","2":"Lépido"} |
||
| 902 | _a1 | ||
| 903 |
_a{"1":"Paulino"} _b{"1":"Laura "} |
||
| 904 | _aMaestría en | ||
| 905 | _aGestión de Centros Educativos | ||
| 906 | _a2 | ||
| 907 | _aNO APLICA | ||
| 908 | _aNO APLICA | ||
| 909 | _aISFODOSU, Recinto Luís Napoleón Núñez Molina | ||
| 910 |
_aNULL _bNULL |
||
| 911 | _a["1"] | ||
| 912 | _aNO APLICA | ||
| 913 | _aNULL | ||
| 914 | _a04 de Mayo de 2009 | ||
| 915 | _a17/07/15 02:07 | ||
| 916 | _aNULL | ||
| 917 | _aNULL | ||
| 918 | _aNO APLICA | ||
| 919 | _a["28","33","111"] | ||
| 520 | _aLa gestión organizacional es hoy un elemento sin el cual no es posible la existencia de una buena gerencia, vale decir, de una gerencia de calidad en cualquier empresa o institución. Por esta razón el estudio se enfocó en determinar las causas que impiden que estos Centros Educativos no ejecuten una labor eficiente que afecte la calidad de los procesos que en ellos se lleven a cabo. La metodología utilizada en este estudio fue de corte cuantitativo y se fundamentó en el método de la entrevista y la observación. El instrumento aplicado a los maestros, alumnos, directores, padres o tutores, gestores fue el cuestionario. La muestra estuvo constituida por 3 directores, 81 estudiantes 31 maestros y 27 padres. Los resultados de éste fueron tabulados a través del Paquete Estadístico SPSS.Entre las principales conclusiones, se destaca que los niveles de organización de los Liceos ubicados en la zona urbana, zona oeste y sur del Municipio de San José de las Matas, realizan su planificación atendiendo a lo que establece el Sistema Educativo y desarrollan un estilo de gestión centralizada, sólo un centro ejerce un estilo de gestión participativa y democrática. El liderazgo que presentan los directivos de los tres centros, es autocrático ? centralizado en dos de ellos, El Canadá y Los Montones, en el Alfonso Checo, el liderazgo es democrático ? participativo.El estudio recomienda que se legisle para el grado mínimo para ocupar cualquier cargo de maestro/a o director sea licenciatura o por lo menos diplomado en la especialidad donde se ubica. Que se exija a todos los centros del Nivel Medio la elaboración del proyecto de centro y su revisión para mejorar la gestión de calidad en lo Liceos y convertir las debilidades en fortalezas a través del plan de mejora. | ||
| 921 | _a11 | ||
| 922 | _a11 | ||
| 923 | _a0 | ||
| 924 | _aNO APLICA | ||
| 942 | _cTesis | ||
| 999 |
_c2586 _d2586 |
||